| 000 | 00603nam a2200205Ia 4500 | ||
|---|---|---|---|
| 003 | OSt | ||
| 005 | 20250121153418.0 | ||
| 008 | 210210b1974 xxu||||| |||| 00| 0 eng d | ||
| 040 | _cAL | ||
| 041 | _aSanskrit | ||
| 082 | _aS891.9 ANAD | ||
| 100 |
_aANANDAVARDHANA. _dआनंदवर्धन _9194354 |
||
| 245 |
_aDhavanyaloka. _bध्वन्यालोक |
||
| 260 |
_aDharwar _bKarnatak university _c1974 |
||
| 300 | _a406 | ||
| 690 |
_aSanskrit Criticism _9194355 |
||
| 700 |
_aKrishnamoorthy K. _d कृष्णमूर्ति Ed _9194356 |
||
| 906 | _aSG01033 | ||
| 942 |
_2ddc _cBK |
||
| 999 |
_c112327 _d112327 |
||